Central London Office Market Report (Record no. 71418)
[ view plain ]
| 000 -LEADER | |
|---|---|
| fixed length control field | 00926cam a2200205 4500 |
| 001 - CONTROL NUMBER | |
| control field | WB3839-06 |
| 008 - FIXED-LENGTH DATA ELEMENTS--GENERAL INFORMATION | |
| fixed length control field | 021023n2002 000 0 eng u |
| 035 ## - SYSTEM CONTROL NUMBER | |
| System control number | (Sirsi) u120222 |
| 245 ## - TITLE STATEMENT | |
| Title | Central London Office Market Report |
| 260 ## - PUBLICATION, DISTRIBUTION, ETC. | |
| Date of publication, distribution, etc. | 2002 |
| 490 ## - SERIES STATEMENT | |
| Series statement | Jones Lang LaSalle Press Release |
| Volume/sequential designation | 10 October 2002, (2) |
| 520 ## - SUMMARY, ETC. | |
| Summary, etc. | Jones Lang Lasalle report on the Central London office market shows that the occupation market remains very sluggish. Take up remains very low, with the last 12 months take-up one third below the previous five years and active demand has also fallen by around 10% to 678 000 sq m. For the Jones Lang Lasalle Press Release: http://www.joneslanglasalle.co.uk/news01/nr1007.html |
| 590 ## - LOCAL NOTE (RLIN) | |
| Local note | WB |
| 650 ## - SUBJECT ADDED ENTRY--TOPICAL TERM | |
| Topical term or geographic name entry element | JONES LANG LASALLE |
| 650 ## - SUBJECT ADDED ENTRY--TOPICAL TERM | |
| Topical term or geographic name entry element | CENTRAL LONDON |
| 650 ## - SUBJECT ADDED ENTRY--TOPICAL TERM | |
| Topical term or geographic name entry element | TAKE UP |
| 650 ## - SUBJECT ADDED ENTRY--TOPICAL TERM | |
| Topical term or geographic name entry element | LEASE TERMS |
| 690 ## - LOCAL SUBJECT ADDED ENTRY--TOPICAL TERM (OCLC, RLIN) | |
| Topical term or geographic name as entry element | PROPERTY-COMMERCIAL PROPERTY-COMMERCIAL PROPERTY MARKET |
| 942 ## - ADDED ENTRY ELEMENTS (KOHA) | |
| Suppress in OPAC | 0 |
| Withdrawn status | Lost status | Source of classification or shelving scheme | Damaged status | Not for loan | Home library | Current library | Shelving location | Date acquired | Total Checkouts | Full call number | Barcode | Date last seen | Copy number | Price effective from | Koha item type |
|---|---|---|---|---|---|---|---|---|---|---|---|---|---|---|---|
| Dewey Decimal Classification | London | London | News article | 23/10/2002 | WB3839-06 | 120222-1001 | 06/08/2019 | 1 | 06/08/2019 | News article |